LEADER 01387nam a2200325 a 4500 001 000000128631 003 CaOOAMICUS 005 20120427142924.0 008 120427s2012 it u000 u ita r 020 $a978-88-13-31529-0 040 $aPUL$bita 082 04$a346.4507 100 1 $aVisentini, Gustavo.$0(OLS)http://pul/name/82216 245 10$aCompendio di diritto commerciale /$cGustavo Visentini - Andrea Palazzolo ; con la collaborazione di Melissa Magnano e Annalisa Stirpe. 260 $aPadova :$bCEDAM,$c2012. 300 $aXVI, 405 p. ;$c24 cm 500 $aInclude indici. 504 $aBibliografia in nota. 650 4$aDiritto commerciale$zItalia$xManuali.$0(OLS)http://pul/subject/20113 700 1 $aPalazzolo, Andrea.$0(OLS)http://pul/name/82217 700 1 $aMagnano, Melissa.$0(OLS)http://pul/name/82218 700 1 $aStirpe, Annalisa.$0(OLS)http://pul/name/82219 850 $aPUL 852 $aPUL$W1$xSL Diritto e Scienze Sociali 3$y79$m346. 4507 VISGU 1$j148993$qDDC 21$B147507$CPULBib$Z2$F147507 $H119622 $82 941 1 $a9 996 $6020$a978-88-13-31529-0$9(OLS)http://pul/number/149562 996 $6082$a346.4507$9(OLS)http://pul/classification/1803 996 $6245$aCompendio di diritto commerciale$9(OLS)http://pul/title/162555 996 $6260$aPadova :$bCEDAM$9(OLS)http://pul/publisher/48126 LEADER 01746nam a2200373 u 4500 001 000000046116 003 CaOOAMICUS 005 20070226114734.0 008 990624s1994 vc u000 u ita u 020 $a8820918803 035 $a10827903 040 $aPUL(R)$bita$dBAV$dBAV 041 0 $aita$hfre 100 1 $aOrtiz de Urbina, Ignacio de,$cS.I.,$d1902-$0(OLS)http://pul/name/10866 240 10$aHistorie des conciles oecumèniques.$lItaliano.$0(OLS)http://pul/title/62154 245 10$aStoria dei concili ecumenici.$n1,$pNicea e Costantinopoli /$cIgnazio Ortiz De Urbina ; [traduzione di Francesco Masiello, a cura dell'abate Bonifacio Baroffio OSB]. 246 30$aNicea e Costantinopoli 260 $aCittà del Vaticano :$bLibreria editrice vaticana,$c[1994] 300 $a302 p. ;$c22 cm 500 $aInclude indici. 500 $aTit. originale: Historie des conciles oecumèniques. 504 $aBibliografia in note. 611 24$aConcilium Nicaenum$n(1 :$d325).$0(OLS)http://pul/subject/1609 611 24$aConcilium Constantinopolitanum$n(1 :$d381).$0(OLS)http://pul/subject/8663 700 1 $aBaroffio, Giacomo,$d1940-$0(OLS)http://pul/name/827 700 1 $aMasiello, Francesco.$0(OLS)http://pul/name/33581 850 $aPUL 852 $aPUL$W1$xSL Religione 1$y3$m27 D 33$j61881$nBK-PRI$b $qStampati$B61881$CPULBib$Z2$F61881 $81 941 1 $a8 961 $aINV: 72106 996 $6020$a8820918803$9(OLS)http://pul/number/57535 996 $6245$aStoria dei concili ecumenici.$n1,$pNicea e Costantinopoli$9(OLS)http://pul/title/62155 996 $6246$aNicea e Costantinopoli$9(OLS)http://pul/title/62156 996 $6260$aCittà del Vaticano :$bLibreria editrice vaticana$9(OLS)http://pul/publisher/47920